|
|
|
|
| LEADER |
01857nam a2200445 i 4500 |
| 001 |
EBC614868 |
| 003 |
MiAaPQ |
| 005 |
20200520144314.0 |
| 006 |
m o d | |
| 007 |
cr cnu|||||||| |
| 008 |
141014t20151980enk obr 001 0 eng|d |
| 020 |
|
|
|z 9780415594929
|
| 020 |
|
|
|a 9780203837474
|q (electronic bk.)
|
| 035 |
|
|
|a (MiAaPQ)EBC614868
|
| 035 |
|
|
|a (Au-PeEL)EBL614868
|
| 035 |
|
|
|a (CaPaEBR)ebr10949980
|
| 035 |
|
|
|a (CaONFJC)MIL649087
|
| 035 |
|
|
|a (OCoLC)892799826
|
| 040 |
|
|
|a MiAaPQ
|b eng
|e rda
|e pn
|c MiAaPQ
|d MiAaPQ
|
| 050 |
|
4 |
|a LB1044.8
|b .Y68 2015
|
| 082 |
0 |
|
|a 371.3331091724
|2 23
|
| 100 |
1 |
|
|a Young, Michael,
|e author.
|
| 245 |
1 |
0 |
|a Distance teaching for the Third World :
|b the lion and the clockwork mouse, incorporating a directory of distance teaching projects /
|c Michael Young, Hilary Perraton, Janet Jenkins and Tony Dodds.
|
| 264 |
|
1 |
|a London ;
|a New York :
|b Routledge,
|c 2015.
|
| 264 |
|
4 |
|c 1980
|
| 300 |
|
|
|a 1 online resource (262 pages).
|
| 336 |
|
|
|a text
|2 rdacontent
|
| 337 |
|
|
|a computer
|2 rdamedia
|
| 338 |
|
|
|a online resource
|2 rdacarrier
|
| 490 |
1 |
|
|a Routledge library editions. Development ;
|v volume 63
|
| 504 |
|
|
|a Includes bibliographical references and index.
|
| 588 |
|
|
|a Description based on online resource; title from PDF title page (Ebrary, viewed 10/14/2014).
|
| 590 |
|
|
|a Electronic reproduction. Ann Arbor, MI : ProQuest, 2015. Available via World Wide Web. Access may be limited to ProQuest affiliated libraries.
|
| 650 |
|
0 |
|a Educational broadcasting.
|
| 650 |
|
0 |
|a Educational broadcasting
|v Directories.
|
| 650 |
|
0 |
|a Education
|z Developing countries.
|
| 655 |
|
4 |
|a Electronic books.
|
| 797 |
2 |
|
|a ProQuest (Firm)
|
| 830 |
|
0 |
|a Routledge library editions.
|p Development ;
|v v. 63.
|
| 856 |
4 |
0 |
|u https://ebookcentral.proquest.com/lib/matrademy/detail.action?docID=614868
|z Click to View
|